Aspects of the theory of syntax

Salvato in:
Dettagli Bibliografici
Autore principale: Chomsky, Noam
Natura: Libro
Lingua:Undetermined
Pubblicazione: Massachusetts, Estados Unidos Institute of technology 1965
Soggetti:
Tags: Aggiungi Tag
Nessun Tag, puoi essere il primo ad aggiungerne!!

MARC

LEADER 00000nam a2200000Ia 4500
008 170316s9999 xx 000 0 und d
090 |a 410 CH-7ao 
100 |a Chomsky, Noam 
245 |a Aspects of the theory of syntax 
260 |a Massachusetts, Estados Unidos 
260 |b Institute of technology 
260 |c 1965 
300 |a 251 páginas 
650 |a LINGÜÍSTICA 
999 |c 18322  |d 18322 
040 |a cru BVZT 
942 |c 15 D  |h 410 CH-7ao  |2 z